Statistics for Ariana Grande Songs

Click here to take the quiz!

General Stats

  • This quiz has been taken 55 times
  • The average score is 26 of 51

Answer Stats

Album Answer % Correct
Dangerous WomanDangerous Woman
87%
My EverythingProblem (feat. Iggy Azalea)
83%
My EverythingBreak Free (feat. Zedd)
83%
My EverythingMy Everything
81%
My EverythingLove Me Harder (feat. The Weeknd)
74%
Dangerous WomanSide To Side (feat. Nicki Minaj)
72%
Yours TrulyThe Way (feat. Mac Miller)
72%
My EverythingOne Last Time
70%
Yours TrulyHoneymoon Avenue
68%
Yours TrulyRight There (feat. Big Sean)
66%
Yours TrulyBaby I
66%
Dangerous WomanInto You
66%
Dangerous WomanEveryday (feat. Future)
62%
My EverythingIntro
62%
Dangerous WomanGreedy
60%
Dangerous WomanSometimes
57%
Christmas KissesSanta Tell Me
57%
Dangerous WomanLet Me Love You (feat. Lil Wayne)
55%
My EverythingBe My Baby (feat. Cashmere Cat)
55%
Yours TrulyPiano
53%
Yours TrulyTattooed Heart
53%
Dangerous WomanLeave Me Lonely (feat. Macy Gray)
53%
Dangerous WomanMoonlight
51%
Christmas KissesSanta Baby (feat. Liz Gillies)
51%
Dangerous WomanBe Alright
51%
My EverythingBreak Your Heart Right Back (feat. Childish Gambino)
49%
Dangerous WomanI Don't Care
49%
My EverythingJust a Little Bit of Your Heart
49%
My EverythingHands On Me (feat. A$AP Ferg)
49%
Focus
49%
Yours TrulyAlmost Is Never Enough (with Nathan Skyes)
47%
My EverythingWhy Try
47%
Yours TrulyDaydreamin'
45%
Dangerous WomanTouch It
45%
Dangerous WomanBad Decisions
45%
Yours TrulyPopular Song (with MIKA)
45%
Christmas KissesLast Christmas
45%
Yours TrulyYou'll Never Know
43%
Dangerous WomanKnew Better / Forever Boy
40%
Yours TrulyBetter Left Unsaid
40%
Dangerous WomanThinking Bout You
40%
My EverythingBest Mistake (feat. Big Sean)
40%
Christmas KissesSnow in California
38%
Christmas & ChillDecember
38%
Yours TrulyLovin' It
36%
Christmas & ChillTrue Love
36%
Christmas KissesLove Is Everything
32%
Christmas & ChillNot Just on Christmas
19%
Christmas & ChillWit It This December
2%
Christmas & ChillWinter Wings
0%

Score Distribution

Percentile by Number Answered

Percent of People with Each Score

Your Score History

You have not taken this quiz